Chains

When their owner dies at the start of the Revolution, Isabel and her younger sister are sold to Loyalists in New York, where Isabel is offered the chance to spy for the Patriots.

Đã lưu trong:
書目詳細資料
主要作者: Anderson, Laurie Halse
格式: 圖書
語言:Undetermined
出版: New York Simon & Schuster Books for Young Readers 2008
主題:
標簽: 添加標簽
沒有標簽, 成為第一個標記此記錄!
Thư viện lưu trữ: Trung tâm Học liệu Trường Đại học Cần Thơ
LEADER 00722nam a2200205Ia 4500
001 CTU_226025
008 210402s9999 xx 000 0 und d
082 |a 813.6 
082 |b A545 
100 |a Anderson, Laurie Halse 
245 0 |a Chains 
245 0 |c Laurie Halse Anderson 
260 |a New York 
260 |b Simon & Schuster Books for Young Readers 
260 |c 2008 
520 |a When their owner dies at the start of the Revolution, Isabel and her younger sister are sold to Loyalists in New York, where Isabel is offered the chance to spy for the Patriots. 
650 |a New York 
650 |x Lịch sử 
650 |y Cách mạng, 1775-1783 
980 |a Trung tâm Học liệu Trường Đại học Cần Thơ